000 00454nam a2200169Ia 4500
003 GCL
008 140319s9999 xx 000 0 eng d
040 _aGCL /
_cGCL
082 0 4 _a709.04
_bW A
100 1 _aWHEELER, DANIEL
245 1 0 _aART SINCE MID-CENTURY: 1945 TO THE PRESENT /
_cWHEELER, DANIEL
260 _a[S.N] :
_bTHAMES AND HUDSON ،
_c1991
300 _a344
650 0 4 _aMODERN ART
650 0 4 _aHISTORY OF MODERN ART
942 _2ddc
_cBK
999 _c24494
_d24494